Nông nghiệp và phát triển Nông thôn
保存先:
| フォーマット: | 図書 |
|---|---|
| 言語: | Undetermined |
| 出版事項: |
Hà Nội
Bộ Nông nghiệp và Phát triển Nông thôn
2019
|
| 主題: | |
| タグ: |
タグ追加
タグなし, このレコードへの初めてのタグを付けませんか!
|
| Thư viện lưu trữ: | Trung tâm Học liệu Trường Đại học Cần Thơ |
|---|
| LEADER | 00623nam a2200169Ia 4500 | ||
|---|---|---|---|
| 001 | CTU_229498 | ||
| 008 | 210402s9999 xx 000 0 und d | ||
| 082 | |a 630 | ||
| 082 | |b N455 | ||
| 245 | 0 | |a Nông nghiệp và phát triển Nông thôn | |
| 245 | 0 | |c Bộ Nông nghiệp và Phát triển Nông thôn | |
| 260 | |a Hà Nội | ||
| 260 | |b Bộ Nông nghiệp và Phát triển Nông thôn | ||
| 260 | |c 2019 | ||
| 650 | |a Agriculture & rural development,Nông nghiệp & Phát triển Nông thôn | ||
| 904 | |i T.Trang | ||
| 980 | |a Trung tâm Học liệu Trường Đại học Cần Thơ | ||